|
|
|
|
| LEADER |
00000nam0a2200000 4500 |
| 001 |
293470 |
| 005 |
20231102000609.0 |
| 010 |
|
|
|a 9785238026961
|
| 035 |
|
|
|a (RuTPU)RU\TPU\book\318498
|
| 090 |
|
|
|a 293470
|
| 100 |
|
|
|a 20150430d2015 m y0rusy50 ca
|
| 101 |
0 |
|
|a rus
|
| 102 |
|
|
|a RU
|
| 105 |
|
|
|a a j 001zy
|
| 200 |
1 |
|
|a Финансовый менеджмент
|e учебник
|f Т. У. Турманидзе, Н. Д. Эриашвили
|
| 210 |
|
|
|a Москва
|c ЮНИТИ
|d 2015
|
| 215 |
|
|
|a 247 с.
|c ил.
|
| 320 |
|
|
|a Библиогр.: с. 244.
|
| 320 |
|
|
|a Глоссарий: с. 233-243.
|
| 330 |
|
|
|a Приводится обзор методов, методик и приемов для проведения аналитических расчетов по управлению высоколиквидными активами компании. Рассмотренные методы иллюстрируются множественными примерами, которые позволяют понимать логику процесса управления финансовыми активами компании для повышения ее платежеспособности и финансовой устойчивости.Для студентов высших учебных заведений, обучающихся по экономическим специальностям. Может быть полезен специалистам в области управления бизнесом, аспирантам, преподавателям, аудиторам, предпринимателям.
|
| 606 |
1 |
|
|a Финансовый менеджмент
|2 stltpush
|3 (RuTPU)RU\TPU\subj\37217
|9 58322
|
| 610 |
1 |
|
|a экономика
|
| 610 |
1 |
|
|a финансы
|
| 610 |
1 |
|
|a управление
|
| 610 |
1 |
|
|a финансовые ресурсы
|
| 610 |
1 |
|
|a финансовый капитал
|
| 610 |
1 |
|
|a финансовые рынки
|
| 610 |
1 |
|
|a финансовые активы
|
| 610 |
1 |
|
|a финансовые обязательства
|
| 610 |
1 |
|
|a финансовые инструменты
|
| 610 |
1 |
|
|a реальные инвестиции
|
| 610 |
1 |
|
|a финансовые инвестиции
|
| 610 |
1 |
|
|a финансовый анализ
|
| 610 |
1 |
|
|a планирование
|
| 610 |
1 |
|
|a расходы
|
| 610 |
1 |
|
|a доходы
|
| 610 |
1 |
|
|a финансовые риски
|
| 610 |
1 |
|
|a прогнозирование
|
| 610 |
1 |
|
|a учебные пособия
|
| 686 |
|
|
|a У9(2)261.11я73
|v LBC/SL-A
|2 rubbk
|
| 700 |
|
1 |
|a Турманидзе
|b Т. У.
|g Теймураз Усупович
|
| 701 |
|
1 |
|a Эриашвили
|b Н. Д.
|g Нодари Дарчоевич
|
| 801 |
|
1 |
|a RU
|b 63413507
|c 20150430
|
| 801 |
|
2 |
|a RU
|b 63413507
|c 20151009
|g RCR
|
| 900 |
|
|
|a Финансовый менеджмент
|
| 942 |
|
|
|c BK
|
| 951 |
|
|
|l 8
|
| 959 |
|
|
|a 63/20150428
|d 3
|e 600,00
|f ЧЗГЛ:1
|f УФ:2
|